Online Catalogue and eLibrary

How to suppress women's writing (Record no. 3171)

MARC details
000 -LEADER
fixed length control field 00430nam a2200181Ia 4500
005 - DATE AND TIME OF LATEST TRANSACTION
control field 20241014032715.0
008 - FIXED-LENGTH DATA ELEMENTS--GENERAL INFORMATION
fixed length control field 240331s9999 xx 000 0 und d
020 ## - INTERNATIONAL STANDARD BOOK NUMBER
ISBN 0704339323
082 ## - DDC Classification
Item Number - Author Mark RUS
Class No. 820
100 ## - MAIN ENTRY--PERSONAL NAME
Personal name Russ, J
245 #0 - TITLE STATEMENT
Title How to suppress women's writing
260 ## - PUBLICATION, DISTRIBUTION, ETC.
Place of publication, distribution, etc. London
Name of publisher, distributor, etc. The Women's Press Limited
Date of publication, distribution, etc. 1984
300 ## - PHYSICAL DESCRIPTION
Extent (e.g. Volumes, Pages etc.) 160 p .,
650 ## - SUBJECT ADDED ENTRY--TOPICAL TERM
Topical term or geographic name entry element Women
650 ## - SUBJECT ADDED ENTRY--TOPICAL TERM
Topical term or geographic name entry element History
650 ## - SUBJECT ADDED ENTRY--TOPICAL TERM
Topical term or geographic name entry element Criticism
942 ## - Koha item type (Biblio)
Koha item type Books in Stacks (Lending)
Holdings
Lost status Damaged status Collection code Home library Current library Shelving location Date acquired Full call number Accession Number Item type
    Lending WERC Library WERC Library Social Science Cupboard 03/31/2024 820 RUS 3564 Books in Stacks (Lending)

© WERC Library